Standards for interior Design and Space Planning 2nd ed., (Record no. 5063)
[ view plain ]
| 000 -LEADER | |
|---|---|
| fixed length control field | 00321nam a2200109Ia 4500 |
| 008 - FIXED-LENGTH DATA ELEMENTS--GENERAL INFORMATION | |
| fixed length control field | 200302s9999 xx 000 0 und d |
| 100 ## - MAIN ENTRY--PERSONAL NAME | |
| Personal name | Joseph De Chiara & Others |
| 245 ## - TITLE STATEMENT | |
| Title | Standards for interior Design and Space Planning 2nd ed., |
| 260 ## - PUBLICATION, DISTRIBUTION, ETC. | |
| Name of publisher, distributor, etc. | Mcgraw- hill International Book co., |
| 260 ## - PUBLICATION, DISTRIBUTION, ETC. | |
| Date of publication, distribution, etc. | 2001 |
| 300 ## - PHYSICAL DESCRIPTION | |
| Extent | 1689 P., |
| Withdrawn status | Lost status | Source of classification or shelving scheme | Damaged status | Not for loan | Permanent Location | Current Location | Date acquired | Cost, normal purchase price | Total Checkouts | Total Renewals | Full call number | Barcode | Date last seen | Date last checked out | Price effective from | Koha item type |
|---|---|---|---|---|---|---|---|---|---|---|---|---|---|---|---|---|
| BMS College of Architecture, Design and Planning | BMS College of Architecture, Design and Planning | 2020-03-03 | 3502.50 | 4 | 1 | 729DEC | CL-UGTQ1865 | 2025-11-22 | 2025-11-07 | 2020-03-03 | UG Books from CL | |||||
| BMS College of Architecture, Design and Planning | BMS College of Architecture, Design and Planning | 2021-02-01 | 4 | 2 | 729DEC | AR-UG2110 | 2025-11-11 | 2025-11-11 | 2021-02-01 | UG Books |